header

Form and transformation (Record no. 83655)

MARC details
000 -LEADER
fixed length control field 01310nam a2200301Ia 4500
100 1# - MAIN ENTRY--AUTHOR NAME
Personal name Schroeder, Frederic Maxwell,
245 10 - TITLE STATEMENT
Title Form and transformation
260 ## - PUBLICATION, DISTRIBUTION, ETC. (IMPRINT)
Place of publication Montreal :
-- Buffalo :
Name of publisher McGill-Queen's University Press,
Year of publication c1992.
300 ## - PHYSICAL DESCRIPTION
Number of Pages xiv, 125 p.
490 1# - SERIES STATEMENT
Series statement McGill-Queen's studies in the history of ideas ;
650 #0 - SUBJECT ADDED ENTRY--TOPICAL TERM
Topical Term Form (Philosophy)
856 40 - ELECTRONIC LOCATION AND ACCESS
Uniform Resource Identifier http://site.ebrary.com/lib/rucke/Doc?id=10141464

No items available.

© 2026 Rongo University
Contact us: librarian | system librarian | Rongo university